Drapeau européen - Statistiques

Statistiques générales
  • Ce quiz a été pris 75 fois
  • Le résultat moyen est 13 sur 16
Statistiques - réponses
Par images Réponse % Correct
france
99%
italie
99%
royaume uni
99%
pays-bas
97%
russie
96%
allemagne
94%
espagne
94%
grèce
94%
norvège
94%
suède
94%
pologne
91%
albanie
90%
chypre
89%
autriche
83%
irelande
13%
suiise
0%
Aucun quiz correspondant
Distribution des résultats
% des personnes avec chaque résultat
Percentile par nombre de réponses
Votre historique - résultats
Vous n’avez pas pris ce quiz